000
00209 a2200097 4500
001
23049
100
_a
Burnside, W
245
_a
Theory of Probability
260
_a
_b
McGraw-Hill
_c
1959
090
_c
15591
_d
15591
942
_a
NUST-CAE
_c
M
_c
6215
999
_c
258122
_d
258122